书目信息 |
| 题名: |
教你认识儿童治未病
|
|
| 作者: | 霍莉莉 主编 | |
| 分册: | 注意缺陷多动障碍 | |
| 出版信息: | 北京 科学出版社 2018.01 |
|
| 页数: | 44页 | |
| 开本: | 21cm | |
| 丛书名: | ||
| 单 册: | ||
| 中图分类: | R272 | |
| 科图分类: | ||
| 主题词: | 中医儿科学--预防医学 , 儿童多动症--中医治疗法 | |
| 电子资源: | ||
| ISBN: | 978-7-03-054179-6 | |
| 000 | 01057nam0 2200253 450 | |
| 001 | 0108153919 | |
| 005 | 20210308154404.0 | |
| 010 | @a978-7-03-054179-6@dCNY20.00 | |
| 100 | @a20180217d2018 em y0chiy50 ea | |
| 101 | 0 | @achi |
| 102 | @aCN@b110000 | |
| 105 | @ay z 000yy | |
| 106 | @ar | |
| 200 | 1 | @a教你认识儿童治未病@Ajiao ni ren shi er tong zhi wei bing@i注意缺陷多动障碍@f霍莉莉主编 |
| 210 | @a北京@c科学出版社@d2018.01 | |
| 215 | @a44页@d21cm | |
| 300 | @a“你应该知道的医学常识”大型医学知识普及系列/舒志军,周铭总主编 | |
| 330 | @a本书贯彻“治未病”的思想,从注意缺陷多动障碍的发现与甄别,到其诊断、治疗与防止复发,一步一步让读者明白什么情况下可以及时介入,遏制疾病的发生,实现未病先防,防微杜渐;什么情况下需要对孩子进行系统治疗,实现既病防变,防止恶化;疾病临床痊愈后,家长和老师可以给予孩子什么帮助,实现瘥后防复,巩固疗效。 | |
| 606 | 0 | @a中医儿科学@x预防医学 |
| 606 | 0 | @a儿童多动症@x中医治疗法 |
| 690 | @aR272@v5 | |
| 701 | 0 | @a霍莉莉@Ahuo li li@4主编@c(女) |
| 801 | 0 | @aCN@bBJSZM@c20210308 |
| 905 | @b1273455-8@dR272@e546@f4 | |
| 教你认识儿童治未病.注意缺陷多动障碍/霍莉莉主编.-北京:科学出版社,2018.01 |
| 44页;21cm |
| “你应该知道的医学常识”大型医学知识普及系列/舒志军,周铭总主编 |
| ISBN 978-7-03-054179-6:CNY20.00 |
| 本书贯彻“治未病”的思想,从注意缺陷多动障碍的发现与甄别,到其诊断、治疗与防止复发,一步一步让读者明白什么情况下可以及时介入,遏制疾病的发生,实现未病先防,防微杜渐;什么情况下需要对孩子进行系统治疗,实现既病防变,防止恶化;疾病临床痊愈后,家长和老师可以给予孩子什么帮助,实现瘥后防复,巩固疗效。 |
| ● |
| 相关链接 |
|
|
|
|
正题名:教你认识儿童治未病
索取号:R272/546
 
预约/预借
| 序号 | 登录号 | 条形码 | 馆藏地/架位号 | 状态 | 备注 |
| 1 | 1273455 | 212734558 | 第二样本阅览室/ [索取号:R272/546] | 在馆 | |
| 2 | 1273456 | 212734567 | 教育系资料室/ [索取号:R272/546] | 在馆 | |
| 3 | 1273457 | 212734576 | 教育系资料室/ [索取号:R272/546] | 在馆 | |
| 4 | 1273458 | 212734585 | 第三借阅区/ [索取号:R272/546] | 在馆 |